000 00635nam a22002297a 4500
003 UA-OsUOA
001 612
007 ta
008 20050614b un ||||| |||| 00| 0 ukr d
100 _aОрендарчук Г.О.
090 _a161
_bО-65
942 _cBK
040 _aUA-OsUOA
_bukr
_cUA-OsUOA
_dUA-OsUOA
245 _aОснови логіки
300 _a155 с.
955 _a2
041 _aukr
080 _a161
260 _aТернопіль
_bАстон
_c2001
650 7 _a16 Логіка. Епістемологія. Теорія пізнання. Методологія логіки
_2UDC
999 _c286331
_d286331